Lay out index

Bibliographic Details
Main Author: Krause, Jim
Format: Book
Published: Cincinnati : Notrh light books , 2001
Subjects:

MARC

LEADER 00000cam a2200000 7i4500
001 0000013864
005 20050503.0
020 |a 1581801467 
040 |a INS 
090 0 0 |a Z246   |b K83 2001 
100 1 |a Krause, Jim 
245 1 0 |a Lay out index   |c Jim Krause 
260 |a Cincinnati :   |b Notrh light books ,   |c 2001 
300 |a 6 :   |b 311p ;   |c 15cm. 
650 0 0 |a Graphics design (typography) 
650 0 0 |a Lay out (printing) 
999 |a 0000009426   |b BOOK   |c Open Shelf   |e Default branch